| LEADER 01174nam 2200277 a 4500 |
| 001 12334104829 |
| 003 ULIB |
| 008 030417s2551 th a sb 001 0 tha |
| 020 ^a9789741377381
|
| 060 4 ^aQZ200^bห549 2551
|
| 245 00 ^a5 โรคร้าย คร่าชีวิตคนไทย :^bอันดับ 1 โรคมะเร็ง /^c กองบรรณาธิการใกล้หมอ, เรียบเรียง ; เอื้อมพร สกุลแก้ว, บรรณาธิการ
|
| 250 ^aพิมพ์ครั้งที่ 1
|
| 260 ^aกรุงเทพฯ :^bใกล้หมอ,^c2551
|
| 300 ^a106 หน้า :^bภาพประกอบ
|
| 650 7 ^aมะเร็ง
|
| 650 7 ^aเนื้องอก
|
| 700 0 ^aเอื้อมพร สกุลแก้ว,^eบรรณาธิการ
|
| 710 1 กองบรรณาธิการใกล้หมอ
|
| 913 ^aImported by ULIBM Administrator
|
| 949 ^aImport form external file by ULIBM system
|
| 999 ^aสุณิสา
|